000 00715nam a22002177a 4500
005 20131206123322.0
010 _aENG-108789
020 _a9781259026072
_c395.00
020 _a1259026078
_c395.00
035 _aEN-92322
037 _bDBAD/PUB
082 _a370.15
100 _aPanch. Ramalingam
245 _aEducational psychology :
_cby Panch. Ramalingam
_bteaching and learning perspectives /
260 _aNew Delhi
_bMcGraw-Hill Education
_c2013
270 _aP-24 Green Park Extension
_bNew Delhi
_e110016
300 _axxviii,492p. :
_bill.
_c24cm(pbk)
500 _aIncludes bibliographical references and index
650 _aEducational psychology
942 _2ddc
_cEN
_h370.15
_mPAN
999 _c81087
_d81087